000 00577 a2200205 4500
001 61992
005 20260407155913.0
008 260407a1978 arg spa d
003 AR-UNSa-BCEJYS
040 _aAR-UNSa-BCEJYS
_bspa
_cAR-UNSa-BCEJYS
080 _a349.2
_xDerecho del Trabajo
245 1 0 _aLos principios del derecho del trabajo
250 _a2a. ed.
264 1 _aBuenos Aires :
_bEdiciones Depalma
_c1978
300 _axviii, 331 p.
_c23 cm.
041 _aspa
942 _cBK
590 _aniveau_biblio:m niveau_hierar:0
100 1 _aPlá Rodríguez, Américo
999 _c7523
_d7523